000 005380000a22001810004500
090 _aAR
_b01373
245 1 0 _aConservation biology of the cave bats of Mexico
650 1 4 _aBiología de la conservación
_93740
650 1 4 _aCavernas
_993465
650 1 4 _aMurciélagos
_92659
650 1 4 _aEcología de poblaciones
_93557
650 1 4 _aRiqueza de especies
_93326
651 4 _pMéxico
_992749
041 0 _aInglés
100 1 _aArita, Héctor T.
_964305
942 _cARTICULO
773 1 _tJournal of Mammalogy
_3106
_h3
_q693-702
_d1993
_g74
999 _c10458
_d10458